000 01473nam a2200193 a 4500
005 20250801113841.0
008 241128e2025 ag ||||f |||| 001 0 spa d
020 _a9789500214919
041 _aspa
092 _c616.8
_l27
_sFUS
100 1 _aFustinoni, Osvaldo
_9405
_c(h)
245 _aSemiología del sistema nervioso de Fustinoni /
_cOsvaldo Fustinoni (h)
250 _a16a ed.
260 _aBuenos Aires:
_bEl Ateneo;
_c2025.
300 _a672 p.
_b18x26 cm.
500 _aFustinoni, O. (2025). Semiología del sistema nervioso de Fustinoni. (16a ed.). Buenos Aires : El Ateneo.
653 _aNociones de anatomia, fisiologia, histologia y patologia
_aExploración
_aFunciones craneanas sensoriales,oculomotoras y de equilibrio: pares craneanos I, II, III, IV, VI y VIII
_aFunciones sensitivomotoras de cara, boca, fauces y cuello: pares craneanos V, VII, IX, X, XII y XII. Síndromes de pares craneanos asociados
_aMotilidad
_aTono muscular
_aTrofismo
_aTaxia
_aReflejos, clonus y sincinesias
_aManifestaciones motoras de hiperexcitabilidad central y periférica
_aMovimientos anormales y síndromes extrapiramidales
_aSensibilidad
_aSueño, conciencia y coma
_aPalabra y funciones cerebrales superiores: lenguaje, praxia, gnosia, memoria
_aSíndromes vasculares
_aSíndromes cognitivos
_aSíndromes semiológicos de otras afecciones del sistema nervioso.
_aSíndromes funcionales y su deteccion
_aSemiologia psiquiátrica y comportamiento
_aEstudios complementarios
942 _2ddc
_cBK
999 _c3296
_d3296